000 00295nam a22001337a 4500
008 170905b xxu||||| |||| 00| 0 eng d
020 _a9781429242189
041 _aeng
080 _a070
100 _a40
101 _aMED
245 _aWHATS THE PROBLEMS
_cROTHENBERG.P.S
942 _2udc
_cBK
999 _c26156
_d26156